| 000 | 01715nam a2200385 a 4500 | ||
|---|---|---|---|
| 001 | ebr10230018 | ||
| 003 | CaPaEBR | ||
| 006 | m u | ||
| 007 | cr cn||||||||| | ||
| 008 | 811014s1982 ilua sb 101 0 eng d | ||
| 010 | _z 81015938 | ||
| 020 | _z0226267857 | ||
| 020 | _z9780226267852 | ||
| 020 | _z9780226267944 | ||
| 040 |
_aCaPaEBR _cCaPaEBR |
||
| 035 | _a(OCoLC)560660646 | ||
| 050 | 1 | 4 |
_aRA410.A2 _bE23 1982eb |
| 082 | 0 | 4 |
_a362.1/042 _219 |
| 245 | 0 | 0 |
_aEconomic aspects of health _h[electronic resource] / _cedited by Victor R. Fuchs. |
| 260 |
_aChicago : _bUniversity of Chicago Press, _cc1982. |
||
| 300 |
_aix, 333 p. : _bill. |
||
| 490 | 1 | _aA Conference report / National Bureau of Economic Research | |
| 500 | _a"Papers ... presented at the Second NBER Conference on Health Economics held at Stanford, California on 30-31 July 1980"--Introd. | ||
| 504 | _aIncludes bibliographies and indexes. | ||
| 505 | 0 | _apt. 1. Determinants of health -- pt. 2. Consequences of ill health -- pt. 3. Health and public policy. | |
| 533 |
_aElectronic reproduction. _bPalo Alto, Calif. : _cebrary, _d2013. _nAvailable via World Wide Web. _nAccess may be limited to ebrary affiliated libraries. |
||
| 650 | 0 |
_aMedical economics _vCongresses. |
|
| 650 | 0 |
_aHealth status indicators _vCongresses. |
|
| 655 | 7 |
_aElectronic books. _2local |
|
| 700 | 1 | _aFuchs, Victor R. | |
| 710 | 2 | _aebrary, Inc. | |
| 711 | 2 |
_aNBER Conference on Health Economics _n(2nd : _d1980 : _cStanford, Calif.) |
|
| 830 | 0 | _aConference report (National Bureau of Economic Research) | |
| 856 | 4 | 0 |
_uhttp://site.ebrary.com/lib/rucke/Doc?id=10230018 _zAn electronic book accessible through the World Wide Web; click to view |
| 999 |
_c153479 _d153479 |
||